00611nam a2200169 a 450000500170000000800410001702000180005805000220007610000180009824500750011626000390019130000230023044000220025352001110027565000240038665000310041020140412111358.0060126s19uu xx 00 eng d a0-439-69361-6 aTR(PS EbIa6 2004 aParker, David aI am confident! /cby David Parker ; illustrated by Marcy Dunn Ramsey. aNew York :bScholastic Inc,c2004. a1 v. (unp.) ; ill. aThe Best I Can Be aThe goal of this book is to begin a list with children of what they already know they can do successfully. aConfidencexFiction aBehaviorxChildren stories